Central Library OPAC University of Rajshahi

Peregrine pickle / (Record no. 21578)

MARC details
000 -LEADER
fixed length control field 00784nam a2200241Ii 4500
001 - CONTROL NUMBER
control field 21578
003 - CONTROL NUMBER IDENTIFIER
rucl marc code BD-RjUL
005 - DATE AND TIME OF LATEST TRANSACTION
control field 20240125120549.0
008 - FIXED-LENGTH DATA ELEMENTS--GENERAL INFORMATION
fixed length control field 140304r19621930e 00111 engm
035 ## - SYSTEM CONTROL NUMBER
System control number (BD-RjUL)21578
040 ## - CATALOGING SOURCE
Original cataloging agency DLC
Transcribing agency FGM
Modifying agency BOS
-- BD-RjUL
Language of cataloging eng
041 ## - LANGUAGE CODE
Language code of text/sound track or separate title eng
082 04 - DEWEY DECIMAL CLASSIFICATION NUMBER
Classification number 823.6
Author mark and year SMP 1962
100 10 - MAIN ENTRY--PERSONAL NAME
Personal name Smollett, Tobias George,
Dates associated with a name 1721-1771.
9 (RLIN) 66650
245 10 - TITLE STATEMENT
Title Peregrine pickle /
Statement of responsibility, etc. introduction by Walter Allen.
260 ## - PUBLICATION, DISTRIBUTION, ETC. (IMPRINT)
Place of publication, distribution, etc. London ;
Name of publisher, distributor, etc. J. M. Dent & sons ;
Place of publication, distribution, etc. New York :
Name of publisher, distributor, etc. E. P. Dutton & co.,
Date of publication, distribution, etc. 1930 [reprinted 1962,1967].
300 ## - PHYSICAL DESCRIPTION
Pagination V-1 (xiv 367 p.) ;
Size 18 cm.
490 0# - SERIES STATEMENT
Series statement Everyman's library ; no. 838-839.
500 ## - GENERAL NOTE
General note Bibliography: v. 1, p. x-xi.
505 01 - FORMATTED CONTENTS NOTE
Formatted contents note Vol. 1--Vol. 2--
650 10 - SUBJECT ADDED ENTRY--TOPICAL TERM
Topical term or geographic name as entry element Eighteenth century
General subdivision Fiction.
9 (RLIN) 66651
942 ## - ADDED ENTRY ELEMENTS (KOHA)
Source of classification or shelving scheme Dewey Decimal Classification
Koha item type Books
Holdings
Lost status Source of classification or shelving scheme Damaged status Not for loan Collection code Permanent Location Current Location Shelving location Date acquired Source of acquisition Cost, normal purchase price Full call number Date last seen Copy number Koha item type Total Checkouts
  Dewey Decimal Classification   Not For Loan Fiction Central Library, University of Rajshahi Central Library, University of Rajshahi Reading Room   Sweets & Zeitlinger 11.60 823.6 SMP V-1 1962 04/03/2014 C-1 Books  
  Dewey Decimal Classification   Not For Loan Fiction Central Library, University of Rajshahi Central Library, University of Rajshahi Reading Room 29/10/1967 Zeitlinger 11.60 823.6 SMP V-2 1967 25/01/2024 C-1 Books